Domino reakcie: Wackerova reakcia a cross coupling

Guardado en:
Detalles Bibliográficos
Autor principal: Doháňošová, Jana
Formato: Software Libro
Lenguaje:eslovaco
Publicado: Bratislava STU FCHPT 2007
Acceso en línea:Ver en el OPAC
Etiquetas: Agregar Etiqueta
Sin Etiquetas, Sea el primero en etiquetar este registro!

MARC

LEADER 00000nam a2200000 a 4500
005 20260127134302.0
007 co ugu
008 060607 2006 xo 000 0 slo d
035 |a vtls009084154 
039 9 |y 200708010933  |z mschk03 
040 |a STUSCHK1  |b slo  |c STUSCHK1  |e AACR2 
100 1 |a Doháňošová, Jana 
245 1 |a Domino reakcie: Wackerova reakcia a cross coupling  |c Jana Doháňošová 
260 |a Bratislava  |b STU FCHPT  |c 2007 
500 |a Obháj.: 4.6. 2007 
500 |a Špec.: Organická chémia 
500 |a Ústav organickej chémie, katalýzy a petrochémie 
500 |a Diplomová práca na CD-ROMe 
910 |a SCHK95 
999 |c 8791  |d 8791